LDR 00913naa#a2200193#i#450# 001 RU\\bibl\123365 005 20260705165255.7 011 ## _a1994-4683 100 ## _a20230731b2023####ek#y0rusy0150####ca 102 ## _aRU 200 1# _aТЕХНИКА ДИНАМИЧЕСКИХ ПЕРЕХВАТОВ В СКАЛОЛАЗАНИИ _eЖурнальная статья 210 1# _aМосква _cНациональный государственный Университет физической культуры, спорта и здоровья им. П.Ф. Лесгафта _d2023 215 ## _a5 с. 608 ## _aЖурнальная статья _2local 675 ## _aСкалолазание. 796.526 _z 700 #1 _aВолохин _gМихаил Кириллович 700 #1 _aСоловарова _gЕлена Владимировна 700 #1 _aСкачков _gЮрий Анатольевич 856 4# _auchzapiski.lesgaft.spb.ru _u